Sammlung Julius Model Berlin. (Record no. 3699)

MARC details
000 -CABECERA
campo de control de longitud fija 00693nam a2200253 a 4500
001 - NÚMERO DE CONTROL
campo de control BRCA_3972
005 - FECHA Y HORA DE LA ÚLTIMA TRANSACCIÓN
campo de control 20190320204510.0
008 - DATOS DE LONGITUD FIJA--INFORMACIÓN GENERAL
campo de control de longitud fija 140110s1929----gw-a######---#000-0#ger-#
041 ## - CÓDIGO DE LENGUA
Código de lengua del texto/banda sonora o título independiente ger
044 ## - CÓDIGO DEL PAÍS DE LA ENTIDAD EDITORA/PRODUCTORA
Código MARC del país gw
050 #4 - SIGNATURA TOPOGRÁFICA DE LA BIBLIOTECA DEL CONGRESO
Número de clasificación N5267
Número de documento/Ítem .M63 1929
100 1# - ENTRADA PRINCIPAL--NOMBRE DE PERSONA
Nombre de persona Model, Julius
9 (RLIN) 10328
245 10 - MENCIÓN DE TÍTULO
Título Sammlung Julius Model Berlin.
260 ## - PUBLICACIÓN, DISTRIBUCIÓN, ETC.
Lugar de publicación, distribución, etc. Leipzig
Nombre del editor, distribuidor, etc. C.G. Boerner
Fecha de publicación, distribución, etc. 1929
300 ## - DESCRIPCIÓN FÍSICA
Extensión 184 p.
Otras características físicas il., 49 láminas
Dimensiones 30 cm.
440 #0 - MENCIÓN DE SERIE/PUNTO DE ACCESO ADICIONAL--TÍTULO
Título Versteigerungskatalog
Designación de volumen o secuencia 160
9 (RLIN) 10329
500 ## - NOTA GENERAL
Nota general CDE48
650 14 - PUNTO DE ACCESO ADICIONAL DE MATERIA--TÉRMINO DE MATERIA
Término de materia o nombre geográfico como elemento de entrada Coleccionistas y colecciones
9 (RLIN) 10330
650 14 - PUNTO DE ACCESO ADICIONAL DE MATERIA--TÉRMINO DE MATERIA
Término de materia o nombre geográfico como elemento de entrada Subastas
9 (RLIN) 7837
650 14 - PUNTO DE ACCESO ADICIONAL DE MATERIA--TÉRMINO DE MATERIA
Término de materia o nombre geográfico como elemento de entrada Arte
Subdivisión geográfica Berlín
9 (RLIN) 10331
650 14 - PUNTO DE ACCESO ADICIONAL DE MATERIA--TÉRMINO DE MATERIA
Término de materia o nombre geográfico como elemento de entrada Arte
Subdivisión general Colecciones particulares
9 (RLIN) 7906
902 ## - CATALOGADOR
Iniciales GFM
942 ## - ELEMENTOS DE PUNTO DE ACCESO ADICIONAL (KOHA)
Fuente del sistema de clasificación o colocación Library of Congress Classification
Tipo de ítem Koha Libros
Holdings
Estado de retiro Estado de pérdida Estado dañado No para préstamo Localización permanente Ubicación/localización actual Fecha de adquisición Número de inventario Total de préstamos Signatura topográfica completa Código de barras Fecha visto por última vez Precio válido a partir de Tipo de ítem Koha
El ejemplar forma parte de la colección y puede ser consultado según las políticas vigentes.       Biblioteca del Museo Franz Mayer (Rogerio Casas-Alatriste) Biblioteca del Museo Franz Mayer (Rogerio Casas-Alatriste) 14/01/2010 CDE48   N5267 .M63 1929 (CDE48) 3969 22/03/2019 22/03/2019 Libros